000 01009nam a2200253Ia 4500
003 OSt
005 20220918110950.0
006 a|||||r|||| 00| 0
007 ta
008 220915b |||||||| |||| 00| 0 hin d
020 _a9789350000694 (hbk)
_c1500
024 _a255226
037 _b513, 08/03/2010, Vani Prakashan
_cReference Collections
040 _aARTS
_cARTS
_bhin
041 _2hin
_ahin
082 _aU8.245.N, 152N4;P9.1-.2(RR)
100 _aसांकृत्यायन, राहुल
245 0 _aहिमाचल
_b एक सांस्कृतिक यात्रा
246 _aHimāchala: ek sāanskṛutik yātrā
260 _aनई दिल्ली
_bवाणी प्रकाशन भारत
_c2009
490 _vभाग 1
942 _hU8.245.N, 152N4;P9.1-.2(RR)
_cREF
999 _c116060
_d116060